Sports Quiz

Random Sports or College Quiz

Heisman Winners 1935-2009 Quiz Stats

 Plays Quiz not verified by Sporcle

Challenge
Share
Tweet
Embed
Score 0/75 Timer 09:00
0 Plays Today
Year Heisman Winner % Correct
2007Tim Tebow
92.4%
2005Reggie Bush
91.9%
2002Carson Palmer
90.4%
2008Sam Bradford
90.1%
2004Matt Leinart
89%
2009Mark Ingram
89%
2006Troy Smith
87.2%
1998Ricky Williams
86.9%
1999Ron Dayne
86.9%
1997Charles Woodson
86.3%
2003Jason White
86%
1988Barry Sanders
85.2%
2000Chris Weinke
84%
2001Eric Crouch
83.7%
1984Doug Flutie
82.8%
1974Archie Griffin
81.1%
1975Archie Griffin
81.1%
1985Bo Jackson
80.2%
1986Vinny Testaverde
79.9%
1991Desmond Howard
78.8%
1995Eddie George
77.9%
1990Ty Detmer
77.6%
1987Tim Brown
77.3%
1968O.J. Simpson
76.2%
1982Herschel Walker
75.9%
1993Charlie Ward
74.7%
1989Andre Ware
73.5%
1981Marcus Allen
71.8%
1994Rashaan Salaam
71.5%
1976Tony Dorsett
70.6%
1963Roger Staubach
68%
1996Danny Wuerffel
65.4%
1992Gino Torretta
65.1%
1966Steve Spurrier
64.2%
1977Earl Campbell
62.2%
1983Mike Rozier
61.3%
1980George Rogers
57%
1961Ernie Davis
56.7%
Year Heisman Winner % Correct
1970Jim Plunkett
54.7%
1978Billy Sims
52.9%
1935Jay Berwanger
49.1%
1979Charles White
48.3%
1956Paul Hornung
47.1%
1972Johnny Rodgers
45.3%
1948Doak Walker
43.9%
1946Glenn Davis
43.6%
1945Doc Blanchard
42.2%
1939Nile Kinnick
38.1%
1940Tom Harmon
37.2%
1938Davey O'Brien
36.6%
1959Billy Cannon
36.6%
1965Mike Garrett
36%
1967Gary Beban
36%
1971Pat Sullivan
34.6%
1973John Cappelletti
34.6%
1947Johnny Lujack
33.1%
1964John Huarte
31.7%
1969Steve Owens
31.1%
1955Howard Cassady
30.5%
1957John David Crow
30.5%
1962Terry Baker
30.5%
1954Alan Ameche
29.1%
1949Leon Hart
28.8%
1941Bruce Smith
26.7%
1953Johnny Lattner
26.5%
1960Joe Bellino
26.5%
1943Angelo Bertelli
26.2%
1958Pete Dawkins
26.2%
1944Les Horvath
25.6%
1951Dick Kazmaier
25.3%
1936Larry Kelley
25%
1942Frank Sinkwich
25%
1950Vic Janowicz
25%
1952Billy Vessels
24.4%
1937Clint Frank
23.3%

You're not logged in!

Compare scores with friends on all Sporcle quizzes.
OR
Log In

You Might Also Like...

Show Comments

Extras

Top Quizzes Today


Score Distribution

Your Account Isn't Verified!

In order to create a playlist on Sporcle, you need to verify the email address you used during registration. Go to your Sporcle Settings to finish the process.

Report this User

Report this user for behavior that violates our Community Guidelines.

Details: